| 000 | 00471nam a2200133Ia 4500 | ||
|---|---|---|---|
| 008 | 170221s9999 xx 000 0 und d | ||
| 100 | _aYiwei Dou | ||
| 245 | _aIndividual Large Shareholders, Earnings Management, and Capital-Market Consequences (pages 872–902) | ||
| 245 | _cYiwei Dou, Ole-Kristian Hope, Wayne B. Thomas and Youli Zou | ||
| 260 | _c2012 | ||
| 300 | _a2 : | ||
| 650 | _xBusiness | ||
| 856 | _uhttp://onlinelibrary.wiley.com/doi/10.1111/jbfa.12204/epdf | ||
| 999 |
_c313376 _d313376 |
||